Trade threats, trade wars bargaining, retaliation, and American coercive diplomacy /

Bibliographic Details
Main Author: Zeng, Ka, 1973-
Corporate Author: ProQuest (Firm)
Format: Electronic eBook
Language:English
Published: Ann Arbor : University of Michigan Press, c2004.
Series:Studies in international economics (Ann Arbor, Mich.)
Subjects:
Online Access:Click to View
LEADER 01492nam a22003854a 4500
001 EBC3414677
003 MiAaPQ
005 20200520144314.0
006 m o d |
007 cr cn|||||||||
008 030501s2004 miua sb 001 0 eng
010 |z  2003010312 
020 |z 0472113585 (cloth : alk. paper) 
035 |a (MiAaPQ)EBC3414677 
035 |a (Au-PeEL)EBL3414677 
035 |a (CaPaEBR)ebr10371913 
035 |a (CaONFJC)MIL259775 
035 |a (OCoLC)743200972 
040 |a MiAaPQ  |c MiAaPQ  |d MiAaPQ 
043 |a n-us--- 
050 4 |a HF1413.5  |b .Z46 2004 
082 0 4 |a 382/.0973051  |2 21 
100 1 |a Zeng, Ka,  |d 1973- 
245 1 0 |a Trade threats, trade wars  |h [electronic resource] :  |b bargaining, retaliation, and American coercive diplomacy /  |c Ka Zeng. 
260 |a Ann Arbor :  |b University of Michigan Press,  |c c2004. 
300 |a viii, 312 p. :  |b ill. 
490 1 |a Studies in international economics 
504 |a Includes bibliographical references (p. 281-298) and index. 
533 |a Electronic reproduction. Ann Arbor, MI : ProQuest, 2015. Available via World Wide Web. Access may be limited to ProQuest affiliated libraries. 
650 0 |a Economic sanctions, American. 
651 0 |a United States  |x Commercial policy. 
655 4 |a Electronic books. 
710 2 |a ProQuest (Firm) 
830 0 |a Studies in international economics (Ann Arbor, Mich.) 
856 4 0 |u https://ebookcentral.proquest.com/lib/matrademy/detail.action?docID=3414677  |z Click to View